000
00283nam a2200109Ia 4500
001
1272360
005
20260417151427.0
008
260417s9999 xx 000 0 und d
020
_a
9786256126268
245
0
_a
Bir Yıldız Nereye Saklanır
_c
Oliver Jeffers
260
_b
Ketebe Çocuk
999
_c
1272360
_d
1272360